| 000 | 00943nam a2200241 i 4500 | ||
|---|---|---|---|
| 001 | 161384 | ||
| 003 | ES-MaACL | ||
| 005 | 20250303062547.0 | ||
| 008 | 971003q1899 sp |||| | spa d | ||
| 100 | 1 |
_aPardo Bazán, Emilia, _cCondesa de, _d1851-1921 _9176434 |
|
| 245 | 1 | 3 |
_aEl niño de Guzmán _b: novela / _cEmilia Pardo Bazán. |
| 260 |
_aMadrid : _bAdministración calle de S. Bernardo, 37, _c[1899?] ( _fEstab. Tip. de Idamor Moreno) |
||
| 300 |
_a150 p. ; _c20 cm. |
||
| 490 | 1 |
_aObras completas de Emilia Pardo Bazán ; _v18 |
|
| 530 | _aDisponible en formato digital. | ||
| 700 | 1 |
_aMoreno, Idamor. _9130190 |
|
| 752 |
_aEspaña - _dMadrid |
||
| 830 | 0 |
_aObras completas de Emilia Pardo Bazán ; _v18 _9176456 |
|
| 852 |
_aES-MaACL _jB-4097 _z- Enc. hol., conservando cub. original |
||
| 856 |
_uhttp://bdh-rd.bne.es/viewer.vm?id=0000108692&page=1 _zBiblioteca Digital Hispánica |
||
| 942 | _2udc | ||
| 999 |
_c161384 _d161384 |
||